LEADER 00942nam a2200241 i 4500 001 000000081811 003 CaOOAMICUS 005 20251106091846.0 008 160511s2016 it u000 u ita u 013 $a54051 040 $aSeMil$bita 100 1 $aGuareschi, Giovannino,$d<1908-1968>.$0(OLS)http://semarc/name/19347 245 13$aIl compagno don Camillo /$cGiovannino Guareschi. 264 1$aMilano :$bSan Paolo,$c2016. 300 $a195 p. :$bill. ;$c21 cm. 490 1 $aLa saga di don Camillo e Peppone ;$v3 830 3$aLa saga di don Camillo e Peppone ;$v3.$0(OLS)http://semarc/title/44897 850 $aSeMil 852 $aSeMil$W1$xVenegono$y1$m1A II 127/3$j46996$B46996$CSeMilBibl$Z2$F49410 $81 961 $aOmaggio: Braccini Annamaria 996 $6245$aIl compagno don Camillo$9(OLS)http://semarc/title/129203 996 $6264$aMilano :$bSan Paolo$9(OLS)http://semarc/publisher/31226 LEADER 01109nam a2200253 i 4500 001 000000111256 003 CaOOAMICUS 005 20221025095823.0 008 030113s2002 it u000 u ita u 020 $a88-495-0438-1 040 $aSeMil$bita 245 00$aQuestioni /$cGiovanni Ferretti. 264 1$aNapoli ; Roma :$bEdizioni Scientifiche Italiane,$c2002. 300 $a258 p. ;$c21 cm. 490 1 $aBiblioteca di filosofia e teologia. Saggi ;$v8 773 0 $aFerretti, Giovanni <1933- >$tFilosofia e teologia cristiana.$dNapoli ; Roma : Edizioni Scientifiche Italiane, 2002.$g1$w()8319 830 0$aBiblioteca di filosofia e teologia. Saggi ;$v8.$0(OLS)http://semarc/title/11067 850 $aSeMil 852 $aSeMil$W1$xVenegono$y1$m2P VI 286$j67091$B67091$CSeMilBibl$Z2$F73672 $81 961 $aOmaggio per recensione: Scuola Cattolica 996 $6020$a88-495-0438-1$9(OLS)http://semarc/number/93353 996 $6245$aQuestioni$9(OLS)http://semarc/title/161890 996 $6264$aNapoli ; Roma :$bEdizioni Scientifiche Italiane$9(OLS)http://semarc/publisher/31215